000 00688nam a22001575i 4500
001 171270
003 ES-MaACL
005 20240611162134.0
008 090507s1847 sp |||| | spa d
245 0 4 _aLos camaristas de la reina
_b: comedia en un acto /
_ctraducida del francés por Francisco de Paula Montemar.
260 _aMadrid :
_b[s.n.],
_c1847 (
_fImpr. La Luneta)
300 _a30 p. ;
_c17 cm.
700 1 _aMontemar, Francisco de Paula,
_d1825-1889
_9130091
852 _aES-MaACL
_jF-8595(5)
_z.- Enc. pasta española
_q.- Falto de la cub. original
_z.- Enc. en un vol. facticio formando parte de la col. facticia "Teatro español moderno", vol. 48
999 _c171270
_d171270